Làm việc với biểu đồ và đồ thị trong excel 2003 : làm việc và xử lý các thành phần trên biểu đồ; Làm việc với các đối tượng và các report trong excel /
Đã lưu trong:
| Tác giả chính: | |
|---|---|
| Định dạng: | Sách giấy |
| Ngôn ngữ: | Vietnamese |
| Được phát hành: |
H. :
Thanh niên,
2004
|
| Các nhãn: |
Thêm thẻ
Không có thẻ, Là người đầu tiên thẻ bản ghi này!
|
| Thư viện lưu trữ: | Thư viện Trường Đại học Đà Lạt |
|---|
| LEADER | 00784nam a2200277 4500 | ||
|---|---|---|---|
| 001 | DLU040029209 | ||
| 005 | ##20040922 | ||
| 040 | # | # | |a DLU |b vie |
| 041 | # | # | |a vie |
| 044 | # | # | |a vn |
| 082 | # | # | |a 005.369 |b LU-H |
| 100 | # | # | |a Lữ Đức Hào |
| 245 | # | # | |a Làm việc với biểu đồ và đồ thị trong excel 2003 : |b làm việc và xử lý các thành phần trên biểu đồ; Làm việc với các đối tượng và các report trong excel / |c Lữ Đức Hào |
| 260 | # | # | |a H. : |b Thanh niên, |c 2004 |
| 300 | # | # | |a 247 tr. ; |c 21 cm |
| 923 | # | # | |a 23/2004 |
| 992 | # | # | |a 30.000 |
| 994 | # | # | |a DLU |
| 900 | # | # | |a True |
| 911 | # | # | |a Đào Thị Thu Huyền |
| 925 | # | # | |a G |
| 926 | # | # | |a A |
| 927 | # | # | |a SH |
| 980 | # | # | |a Thư viện Trường Đại học Đà Lạt |